Statistics for US States by Less Populous Borders in 45 Seconds

Click here to take the quiz!

General Stats

  • This quiz has been taken 57 times
  • The average score is 37 of 50

Answers on the Map

Answers color-coded by a green-red scale on the quiz's map according to % correct below.
Loading ...
 

Answer Stats

State% Correct
Texas
100%
Arizona
96%
California
96%
Colorado
96%
Utah
96%
Idaho
92%
Illinois
92%
Montana
92%
Ohio
92%
Tennessee
92%
Oregon
88%
Minnesota
85%
Missouri
85%
Nebraska
85%
Nevada
85%
New York
85%
Oklahoma
85%
Georgia
81%
Massachusetts
81%
Pennsylvania
81%
South Dakota
81%
Washington
81%
Indiana
77%
Virginia
77%
Alabama
73%
Iowa
73%
Kansas
73%
New Hampshire
73%
Arkansas
69%
Florida
69%
Kentucky
69%
Louisiana
69%
North Carolina
69%
Wyoming
69%
Wisconsin
65%
Maine
62%
Maryland
62%
Michigan
62%
Mississippi
58%
North Dakota
58%
Vermont
58%
New Mexico
54%
South Carolina
54%
Alaska
50%
Connecticut
50%
Hawaii
50%
New Jersey
50%
West Virginia
50%
Delaware
42%
Rhode Island
42%

Score Distribution

Percentile by Number Answered

Percent of People with Each Score

Your Score History

You have not taken this quiz